Library of the University of Algiers 3
Ibrahim Sultan Cheibout
شعار جامعة الجزائر 3
مكتبة جامعة الجزائر 3
إبراهيم سلطان شيبوط

التفليسة طبقا للقانون التجاري 17 لسنة 1999 / (رقم التسجيلة. 45978)

تفاصيل مارك
000 -LEADER
fixed length control field 01992nam a2200217Ia 4500
003 - CONTROL NUMBER IDENTIFIER
control field Ost
005 - DATE AND TIME OF LATEST TRANSACTION
control field 20260507075726.0
008 - FIXED-LENGTH DATA ELEMENTS--GENERAL INFORMATION
fixed length control field 260507s9999||||xx |||||||||||||| ||und||
020 ## - INTERNATIONAL STANDARD BOOK NUMBER
International Standard Book Number 8284104977
040 ## - CATALOGING SOURCE
Transcribing agency fsecg
041 ## - LANGUAGE CODE
Language code of text/sound track or separate title ara
082 ## - DEWEY DECIMAL CLASSIFICATION NUMBER
Classification number 332.75
100 ## - MAIN ENTRY--PERSONAL NAME
Personal name الامين، سمير
Relator term مؤلف
245 #0 - TITLE STATEMENT
Title التفليسة طبقا للقانون التجاري 17 لسنة 1999 /
Statement of responsibility, etc. سمير الامين
260 ## - PUBLICATION, DISTRIBUTION, ETC.
Place of publication, distribution, etc. القاهرة:
Name of publisher, distributor, etc. النسر الذهبي للطباعة,
Date of publication, distribution, etc. 2000
300 ## - PHYSICAL DESCRIPTION
Extent 165 صفحة؛
Dimensions 24 سم
504 ## - BIBLIOGRAPHY, ETC. NOTE
Bibliography, etc. note بيبليوغرافيا :ص.155
520 ## - SUMMARY, ETC.
Summary, etc. الفصل الأول : الفصل الأول بدء التفليسة : إخطار أمين التفليسة بمباشرة التفليسة : الحكمة من هذا الإخطار : الإجراءات الملتزم بها أمين التفليسة عقب إخطاره – الفصل الثاني : أشخاص التفليسة : أولا : قاضي التفليسة : ثانيا : مراقب التفليسة : ثالثا : أمين التفليسة : رابعا : النيابة التفليسية : رابعا : النيابة العامة : خامسا : المحكمة : سادسا : المدين المفلس : سابعا : جماعة الدائنين : من أحكام النقض – الفصل الثالث : إدارة التفليسة : المبحث الأول : الجانب الايجابي لإدارة التفليسة : المبحث الثاني : الجانب السلبي لإدارة التفليسة : المبحث الثالث : في قفل التفليسة: المبحث الرابع : من أحكام النقض – الفصل الرابع : انتهاء التفليسة : المبحث الأول : انتهاء التفليسة لزوال مصلحة جماعة الدائنين : المبحث الثاني : الصلح القضائي : المبحث الثالث : الصلح مع التخلي عن الأموال
653 ## - INDEX TERM--UNCONTROLLED
Uncontrolled term الافلاس
942 ## - ADDED ENTRY ELEMENTS (KOHA)
Koha item type كتب
المقتنيات
Withdrawn status Lost status Source of classification or shelving scheme Damaged status Not for loan Home library Current library Date acquired Serial enumeration / chronology Inventory number Total checkouts Full call number Barcode Date last seen Price effective from Koha item type
    Library of Congress Classification   NOT LOAN / إعارة داخلية مكتبة كلية العلوم الإقتصادية والعلوم التجارية وعلوم التسيير مكتبة كلية العلوم الإقتصادية والعلوم التجارية وعلوم التسيير 07/05/2026 الطابق الأرضي 1117/1   أ/1117ن1 1117/1 07/05/2026 07/05/2026 كتب
    Dewey Decimal Classification   Available مكتبة كلية العلوم الإقتصادية والعلوم التجارية وعلوم التسيير مكتبة كلية العلوم الإقتصادية والعلوم التجارية وعلوم التسيير 07/05/2026 الطابق الثاني 1117/2   أ/1117ن2 1117/2 07/05/2026 07/05/2026 كتب

موارد الويب المفتوحة


© University of Algiers 3 All Rights Reserved
|
Implemented by LECHELAH Riad